Governors of New York - Statistics

General Stats
  • This quiz has been taken 319 times
  • The average score is 14 of 56
Answer Stats
Years Answer % Correct
2011-Today Andrew Cuomo
94%
1983-1984 Mario Cuomo
91%
1929-1932 Franklin D. Roosevelt
88%
1899-1900 Theodore Roosevelt
86%
1995-2006 George Pataki
71%
1777-1795 ; 1801-1804 George Clinton
68%
1959-1973 Nelson Rockefeller
68%
1817-1822 ; 1825-1828 DeWitt Clinton
66%
1919-1920 ; 1923-1928 Al Smith
61%
2007-2008 Eliot Spitzer
56%
2008-2010 David Paterson
51%
1880-1882 Grover Cleveland
51%
1943-1954 Thomas E. Dewey
44%
1829 Martin Van Buren
41%
1975-1982 Hugh Carey
32%
1875-1876 Samuel J. Tilden
29%
1973-1973 Malcolm Wilson
25%
1795-1801 John Jay
24%
1853-1854 ; 1863-1864 Horatio Seymour
23%
1839-1842 William H. Seward
22%
1907-1910 Charles Evans Hughes
20%
1955-1958 W. Averell Harriman
20%
1807-1817 Daniel D. Tompkins
19%
1933-1942 Herbert H. Lehman
14%
1857-1858 John A. King
13%
1895-1896 Levi P. Morton
12%
1804-1807 Morgan Lewis
11%
1849-1850 Hamilton Fish
9%
1873-1874 John Adams Dix
9%
1911-1912 John Alden Dix
9%
1897-1898 Frank S. Black
8%
1910 Horace White
8%
1942 Charles Poletti
7%
1817 John Tayler
7%
1847-1848 John Young
7%
1877-1879 Lucius Robinson
7%
1845-1846 Silas Wright
7%
1880-1882 Alonzo B. Cornell
6%
1885-1891 David B. Hill
6%
1859-1862 Edwin D. Morgan
6%
1823-1824 Joseph C. Yates
6%
1913-1914 Martin H. Glynn
6%
1921-1922 Nathan L. Miller
6%
1851-1852 Washington Hunt
6%
1833-1838 William L. Marcy
6%
1913 William Sulzer
6%
1901-1904 Benjamin Odell
5%
1829-1832 Enos T. Throop
5%
1855-1856 Myron H. Clark
5%
1828 Nathaniel Pitcher
5%
1843-1844 William C. Bouck
5%
1915-1918 Charles Seymour Whitman
4%
1905-1906 Frank W. Higgins
4%
1869-1872 John T. Hoffman
4%
1865-1868 Reuben Fenton
4%
1893-1894 Roswell P. Flower
4%
No matching quizzes found
Score Distribution
Percent of People with Each Score
Percentile by Number Answered
Your Score History
You have not taken this quiz